[Event "Liga Vasca 2009 - 1D"]
[Site "País Vasco ESP"]
[Date "2009.01.10"]
[Round "1.11"]
[White "Landa Ceballos, Jose Antonio"]
[Black "Navarro Cia, Miguel"]
[Result "0-1"]
[WhiteElo "2070"]
[BlackElo "2318"]
[PlyCount "138"]
[EventDate "2009.01.10"]
[EventType "team"]
[EventRounds "9"]
[EventCountry "ESP"]
[Source "lmi"]
[SourceDate "2009.01.10"]

1. Nf3 g6 2. c4 Bg7 3. Nc3 f5 4. d4 Nf6 5. g3 O-O 6. Bg2 d6 7. e4 Nxe4 8. Nxe4
fxe4 9. Ng5 d5 10. cxd5 Qxd5 11. Bxe4 Qxd4 12. Qb3+ e6 13. O-O Qb6 14. Qc4 Nc6
15. Be3 Qxb2 16. Bxc6 bxc6 17. Nxe6 Qb5 18. Qxb5 cxb5 19. Nxg7 Kxg7 20. Rfc1
Rf7 21. Bf4 Be6 22. Rxc7 Rxc7 23. Bxc7 Kf6 24. a3 h5 25. f3 Bc4 26. Kf2 Rc8 27.
Bf4 Rd8 28. Rc1 g5 29. Be3 a6 30. a4 g4 31. fxg4 hxg4 32. axb5 axb5 33. Ra1 Kf5
34. Ra6 Rd1 35. Bf4 Ke4 36. Rg6 Rb1 37. Rxg4 Rb2+ 38. Ke1 Re2+ 39. Kd1 Rxh2 40.
Rg7 Kd3 41. Rd7+ Kc3 42. Be5+ Kb3 43. g4 Rg2 44. Rg7 Be2+ 45. Ke1 Bd3 46. Bf6
Kc2 47. Rc7+ Bc4 48. g5 Re2+ 49. Kf1 Kd1 50. Kg1 Re4 51. Kf2 Rg4 52. Ke3 Kc2
53. Kf3 Rg1 54. Kf2 Rf1+ 55. Kg2 Rf5 56. Kg3 Kd3 57. Rd7+ Ke3 58. Re7+ Kd2 59.
Kg4 Rf1 60. Rd7+ Bd3 61. Rc7 Rg1+ 62. Kf3 b4 63. Kf2 Rf1+ 64. Kg2 Rf5 65. Be7
b3 66. Bf6 Bc2 67. Kg3 Rb5 68. Kf4 Rb4+ 69. Ke5 b2 0-1

[Event "Liga Vasca 2009 - 1D"]
[Site "País Vasco ESP"]
[Date "2009.01.10"]
[Round "1.12"]
[White "Montoya Irigoyen, Iñigo"]
[Black "Gomez Calvo, Jose Ricardo"]
[Result "1-0"]
[WhiteElo "2065"]
[BlackElo "1933"]
[PlyCount "93"]
[EventDate "2009.01.10"]
[EventType "team"]
[EventRounds "9"]
[EventCountry "ESP"]
[Source "lmi"]
[SourceDate "2009.01.10"]

1. c4 Nf6 2. Nc3 e6 3. e4 d6 4. d4 Be7 5. Nf3 c6 6. Bd3 Qc7 7. e5 dxe5 8. dxe5
Nfd7 9. Qe2 Nc5 10. Bc2 a5 11. Bg5 h6 12. Bxe7 Qxe7 13. O-O Nbd7 14. Nd4 Qd8
15. Rad1 Qc7 16. f4 b6 17. Ne4 Nxe4 18. Bxe4 Bb7 19. Qf3 Nc5 20. Bxc6+ Bxc6 21.
Qxc6+ Qxc6 22. Nxc6 Rc8 23. Na7 Rc7 24. Nb5 Rc6 25. Rd4 Ke7 26. Rfd1 Ra8 27. b3
Rg8 28. a3 g5 29. b4 axb4 30. axb4 Na6 31. Rd7+ Kf8 32. Nd6 Rc7 33. Rd8+ Kg7
34. Ne8+ Rxe8 35. Rxe8 Rxc4 36. fxg5 hxg5 37. Rd7 Rxb4 38. Ree7 Rf4 39. Rb7 Nc5
40. Rxb6 Nd3 41. Rbxe6 Re4 42. Rf6 Nxe5 43. Rfxf7+ Kg6 44. Kf1 Re3 45. Rf8 Re4
46. h3 Kh5 47. g3 1-0

[Event "Liga Vasca 2009 - 1D"]
[Site "País Vasco ESP"]
[Date "2009.01.10"]
[Round "1.13"]
[White "Arce Balluerca, Oscar"]
[Black "Unanua Garcia, Pedro"]
[Result "0-1"]
[WhiteElo "2037"]
[BlackElo "2100"]
[PlyCount "78"]
[EventDate "2009.01.10"]
[EventType "team"]
[EventRounds "9"]
[EventCountry "ESP"]
[Source "lmi"]
[SourceDate "2009.01.10"]

1. e4 e6 2. e5 d5 3. Nf3 c5 4. b4 cxb4 5. d4 Nc6 6. Bd3 Bd7 7. O-O Be7 8. a3
Qb6 9. Be3 Rc8 10. c3 bxc3 11. Nxc3 Na5 12. Rb1 Qc7 13. Nb5 Qb8 14. Ng5 a6 15.
Qf3 Nh6 16. Nd6+ Bxd6 17. exd6 Qxd6 18. Bf4 Qe7 19. Nxh7 Bc6 20. Bg5 f6 21.
Bxh6 gxh6 22. Nxf6+ Kd8 23. Ng4 Nc4 24. Bxc4 dxc4 25. Qh3 Rg8 26. f3 Qg5 27.
Qxh6 Bd5 28. Qh7 Rc7 29. Qh6 Qf5 30. Rbe1 Rh7 31. Qd2 Kc8 32. Re5 Qf8 33. Qb2
Rc7 34. Qc3 Qf4 35. Qe3 Qf8 36. Rc1 Rc6 37. Qh6 Qxa3 38. Qe3 Qb2 39. Re1 Rxg4
0-1

[Event "Liga Vasca 2009 - 1D"]
[Site "País Vasco ESP"]
[Date "2009.01.10"]
[Round "1.31"]
[White "Aguirre Canflanca, Josu"]
[Black "Flear, Glenn C"]
[Result "0-1"]
[WhiteElo "2165"]
[BlackElo "2478"]
[PlyCount "46"]
[EventDate "2009.01.10"]
[EventType "team"]
[EventRounds "9"]
[EventCountry "ESP"]
[Source "lmi"]
[SourceDate "2009.01.10"]

1. d4 d5 2. c4 c6 3. Nf3 Nf6 4. Nc3 e6 5. Bg5 Nbd7 6. e3 Qa5 7. Nd2 dxc4 8. Bh4
b5 9. a4 Qb6 10. Bg3 a6 11. Be2 Bb7 12. O-O Be7 13. b3 cxb3 14. Qxb3 O-O 15.
Rab1 Ra7 16. Rfc1 Qd8 17. Nce4 c5 18. Nxf6+ Nxf6 19. axb5 axb5 20. Nf3 cxd4 21.
Nxd4 b4 22. Nb5 Bd5 23. Qb2 Ra2 0-1

[Event "Liga Vasca 2009 - 1D"]
[Site "País Vasco ESP"]
[Date "2009.01.10"]
[Round "1.32"]
[White "Martin Alvarez, Iñigo"]
[Black "Corral Sierra, Javier"]
[Result "1/2-1/2"]
[WhiteElo "2232"]
[BlackElo "2092"]
[PlyCount "73"]
[EventDate "2009.01.10"]
[EventType "team"]
[EventRounds "9"]
[EventCountry "ESP"]
[Source "lmi"]
[SourceDate "2009.01.10"]

1. e4 e5 2. Nf3 Nc6 3. Bb5 a6 4. Bxc6 dxc6 5. Nc3 f6 6. d4 Bb4 7. dxe5 Qxd1+ 8.
Kxd1 Bg4 9. Bf4 O-O-O+ 10. Kc1 Re8 11. exf6 Nxf6 12. Nd2 Bxc3 13. bxc3 Nxe4 14.
Nxe4 Rxe4 15. Be3 Be6 16. Kb2 Bd5 17. h3 Re6 18. Rhg1 Rf8 19. h4 Re4 20. g3 h5
21. Rad1 Rf5 22. Rge1 Ra4 23. a3 b6 24. Bf4 Be4 25. Rd4 Rb5+ 26. Rb4 a5 27.
Rxb5 cxb5 28. f3 Bxf3 29. Re7 Rc4 30. Rxg7 Kb7 31. Rf7 Bg4 32. Rg7 Bf3 33. Be5
Bg4 34. Kc1 Bf5 35. Rg5 Bg4 36. Rg7 Bf3 37. Kb2 1/2-1/2

[Event "Liga Vasca 2009 - 1D"]
[Site "País Vasco ESP"]
[Date "2009.01.10"]
[Round "1.33"]
[White "Manso Marquez, Felix"]
[Black "Galarza Cenzano, Iñigo"]
[Result "1-0"]
[WhiteElo "2083"]
[BlackElo "2036"]
[PlyCount "83"]
[EventDate "2009.01.10"]
[EventType "team"]
[EventRounds "9"]
[EventCountry "ESP"]
[Source "lmi"]
[SourceDate "2009.01.10"]

1. d4 Nf6 2. c4 e6 3. Nc3 Bb4 4. e3 c5 5. Bd3 Nc6 6. Nge2 b6 7. O-O Bxc3 8.
Nxc3 cxd4 9. exd4 Nxd4 10. Bf4 O-O 11. Bd6 Re8 12. Bxh7+ Kxh7 13. Qxd4 Rh8 14.
Rad1 Bb7 15. Rfe1 Kg8 16. Re3 Ne8 17. Rg3 Rh7 18. Rdd3 Nxd6 19. Qxd6 Bc6 20. b4
Qh4 21. h3 Qxc4 22. Rd4 Qa6 23. Rdg4 Qc8 24. Qd4 Qf8 25. b5 Bd5 26. Nxd5 exd5
27. Qxd5 d6 28. Rc4 Rh6 29. Rc7 Re6 30. Rxg7+ Qxg7 31. Qxa8+ Kh7 32. Qd5 Qf6
33. Qd3+ Kg7 34. Qg3+ Kf8 35. Rxa7 Re1+ 36. Kh2 Re2 37. Ra3 Rxf2 38. Rd3 Rxa2
39. Qxd6+ Qe7 40. Qb8+ Kg7 41. Rg3+ Kf6 42. Qf4+ 1-0

[Event "Liga Vasca 2009 - 1D"]
[Site "País Vasco ESP"]
[Date "2009.01.10"]
[Round "1.34"]
[White "Argandoña Riveiro, Jon"]
[Black "Martiarena Lizarribar, Eneko"]
[Result "0-1"]
[WhiteElo "1988"]
[BlackElo "2015"]
[PlyCount "88"]
[EventDate "2009.01.10"]
[EventType "team"]
[EventRounds "9"]
[EventCountry "ESP"]
[Source "lmi"]
[SourceDate "2009.01.10"]

1. e4 e5 2. Nf3 Nc6 3. d3 Nf6 4. g3 d5 5. Nbd2 dxe4 6. dxe4 Bg4 7. Bg2 Nxe4 8.
Nxe4 Qxd1+ 9. Kxd1 Nd4 10. Neg5 e4 11. Re1 O-O-O 12. Nxf7 exf3 13. Bf1 Bb4 14.
Nxd8 Bxe1 15. Nf7 Re8 16. Be3 Ba5 17. c3 Nc6 18. Ng5 h6 19. h3 hxg5 20. hxg4
Rh8 21. Kc2 Rh1 22. Rd1 Bb6 23. Bxb6 axb6 24. Bd3 Rh2 25. Rf1 Ne5 26. Kd2 Kd8
27. Ke3 Ke7 28. b3 Rh8 29. Rd1 Rf8 30. Bf5 g6 31. Rd5 Kf6 32. Be4 Ke6 33. Rd2
Nxg4+ 34. Kd3 Ne5+ 35. Kc2 c6 36. c4 Ra8 37. Kc3 Rf8 38. b4 Ke7 39. b5 Rf6 40.
Rb2 Nd7 41. Rb3 Nc5 42. bxc6 bxc6 43. Rxb6 Nxe4+ 44. Kd4 Nxf2 0-1

[Event "Liga Vasca 2009 - 1D"]
[Site "País Vasco ESP"]
[Date "2009.01.10"]
[Round "1.41"]
[White "Miguel Quintero, Francisco"]
[Black "Zulaika Centeno, Ander"]
[Result "1/2-1/2"]
[WhiteElo "2274"]
[BlackElo "2052"]
[PlyCount "34"]
[EventDate "2009.01.10"]
[EventType "team"]
[EventRounds "9"]
[EventCountry "ESP"]
[Source "lmi"]
[SourceDate "2009.01.10"]

1. e4 c5 2. Nf3 d6 3. c3 Nf6 4. Be2 Nc6 5. d3 g6 6. O-O Bg7 7. Be3 O-O 8. h3 c4
9. Nbd2 cxd3 10. Bxd3 Nd7 11. Qe2 Qc7 12. Rac1 Nde5 13. Bc2 Nxf3+ 14. Nxf3 e5
15. Bb3 Be6 16. Bxe6 fxe6 17. Qc4 Qe7 1/2-1/2

[Event "Liga Vasca 2009 - 1D"]
[Site "País Vasco ESP"]
[Date "2009.01.10"]
[Round "1.42"]
[White "Ladron De Guevara, Francisco Javier"]
[Black "Miguel Quintero, Antonio"]
[Result "1/2-1/2"]
[WhiteElo "2084"]
[BlackElo "2184"]
[PlyCount "42"]
[EventDate "2009.01.10"]
[EventType "team"]
[EventRounds "9"]
[EventCountry "ESP"]
[Source "lmi"]
[SourceDate "2009.01.10"]

1. d4 d5 2. c4 e6 3. Nc3 Nf6 4. Nf3 Be7 5. Bf4 O-O 6. e3 a6 7. c5 b5 8. Bd3 Bb7
9. Qc2 h6 10. a3 Nc6 11. b4 Nh5 12. O-O Nxf4 13. exf4 Bf6 14. Rfd1 Kh8 15. Ne2
Qe8 16. Ne5 Ne7 17. Ng3 Bxe5 18. fxe5 f5 19. exf6 Rxf6 20. Qe2 Nf5 21. Nxf5
exf5 1/2-1/2

[Event "Liga Vasca 2009 - 1D"]
[Site "País Vasco ESP"]
[Date "2009.01.10"]
[Round "1.43"]
[White "Alcaide Luque, Aitor"]
[Black "Juez Villar, Erik"]
[Result "1-0"]
[WhiteElo "2108"]
[BlackElo "1968"]
[PlyCount "63"]
[EventDate "2009.01.10"]
[EventType "team"]
[EventRounds "9"]
[EventCountry "ESP"]
[Source "lmi"]
[SourceDate "2009.01.10"]

1. Nf3 c5 2. e4 d6 3. d4 cxd4 4. Nxd4 Nf6 5. Nc3 g6 6. f3 Bg7 7. Be3 Nc6 8. Qd2
O-O 9. Bc4 Bd7 10. O-O-O Rb8 11. Bb3 Na5 12. Kb1 b5 13. Qd3 Nxb3 14. cxb3 b4
15. Nce2 Qa5 16. Nc2 Rfd8 17. g4 Bb5 18. Qd2 d5 19. e5 Ne4 20. fxe4 dxe4 21.
Ned4 Bd3 22. Nc6 Qb5 23. Nxd8 Rxd8 24. Bf4 g5 25. Bg3 Qc5 26. Rhe1 e3 27. Qxd3
Rxd3 28. Rxd3 Bxe5 29. Bxe5 Qxe5 30. Rdxe3 Qxh2 31. Rxe7 Qg2 32. Ne3 1-0

[Event "Liga Vasca 2009 - 1D"]
[Site "País Vasco ESP"]
[Date "2009.01.17"]
[Round "2.41"]
[White "Nava Pereda, Carlos"]
[Black "Corral Sierra, Javier"]
[Result "0-1"]
[WhiteElo "2288"]
[BlackElo "2092"]
[PlyCount "33"]
[EventDate "2009.01.10"]
[EventType "team"]
[EventRounds "9"]
[EventCountry "ESP"]
[Source "lmi"]
[SourceDate "2009.01.10"]

1. d4 f5 2. g3 g6 3. Bg2 Nf6 4. Nh3 Bg7 5. Nf4 O-O 6. h4 e6 7. h5 g5 8. h6 Bh8
9. Nh5 Nxh5 10. Rxh5 Bf6 11. e4 d6 12. Nc3 Nc6 13. d5 Na5 14. dxe6 Bxe6 15.
exf5 Bxf5 16. Bd5+ Kh8 17. f3 0-1

[Event "Liga Vasca 2009 - 1D"]
[Site "País Vasco ESP"]
[Date "2009.01.17"]
[Round "2.42"]
[White "Manso Marquez, Felix"]
[Black "Varas, Carlos"]
[Result "0-1"]
[WhiteElo "2083"]
[BlackElo "2245"]
[PlyCount "82"]
[EventDate "2009.01.10"]
[EventType "team"]
[EventRounds "9"]
[EventCountry "ESP"]
[Source "lmi"]
[SourceDate "2009.01.10"]

1. d4 e6 2. c4 b6 3. e4 Bb7 4. Bd3 Bb4+ 5. Bd2 Qe7 6. Ne2 f5 7. Bxb4 Qxb4+ 8.
Qd2 Qxd2+ 9. Nxd2 fxe4 10. Bxe4 Nc6 11. O-O-O Nf6 12. Bf3 O-O-O 13. Nf1 g5 14.
Ne3 h5 15. Nc3 Rhf8 16. h3 Ne7 17. Bxb7+ Kxb7 18. Rhe1 Ng6 19. f3 Rde8 20. Nf1
g4 21. hxg4 hxg4 22. Ng3 Nh4 23. fxg4 Nxg2 24. Re2 Nf4 25. Rh2 Nxg4 26. Rh7 Nf6
27. Rh4 Ng2 28. Rh6 Ne3 29. Re1 Nxc4 30. Nge4 Nxe4 31. Nxe4 Rh8 32. Reh1 Rxh6
33. Rxh6 Rf8 34. b3 Nd6 35. Nxd6+ cxd6 36. d5 Re8 37. Rh7 Kc7 38. dxe6 Rxe6 39.
Kd2 Kc6 40. Rh8 Rg6 41. Rc8+ Kb7 0-1

[Event "Liga Vasca 2009 - 1D"]
[Site "País Vasco ESP"]
[Date "2009.01.17"]
[Round "2.43"]
[White "Trigo Urquijo, Sergio"]
[Black "Mendikute Fierro, Claudio"]
[Result "1/2-1/2"]
[WhiteElo "2203"]
[BlackElo "2057"]
[PlyCount "89"]
[EventDate "2009.01.10"]
[EventType "team"]
[EventRounds "9"]
[EventCountry "ESP"]
[Source "lmi"]
[SourceDate "2009.01.10"]

1. e4 e6 2. d4 d5 3. Nc3 Bb4 4. Nge2 dxe4 5. a3 Be7 6. Nxe4 Nc6 7. c3 Nf6 8.
N2g3 Nxe4 9. Nxe4 O-O 10. Bd3 f5 11. Nd2 e5 12. d5 Nb8 13. O-O Kh8 14. Bc4 Nd7
15. Qe2 e4 16. f3 e3 17. Nb3 f4 18. Nd4 Nb6 19. Rd1 Nxc4 20. Qxc4 Bd6 21. Ne6
Bxe6 22. dxe6 Qh4 23. Qe2 Rf6 24. Rd4 Rxe6 25. b4 Be5 26. Rc4 Rd8 27. Bxe3 Bd6
28. Qf2 Qxf2+ 29. Bxf2 Rde8 30. Kf1 Kg8 31. Re1 a6 32. Rxe6 Rxe6 33. a4 Kf7 34.
Rd4 Be5 35. Rd7+ Re7 36. Rd3 Ke6 37. Ke2 Rd7 38. Rxd7 Kxd7 39. Kd3 Ke6 40. Bd4
Bxd4 41. Kxd4 g5 42. c4 Kd6 43. c5+ Ke6 44. Ke4 c6 45. a5 1/2-1/2

[Event "Liga Vasca 2009 - 1D"]
[Site "País Vasco ESP"]
[Date "2009.01.17"]
[Round "2.44"]
[White "Martiarena Lizarribar, Eneko"]
[Black "Rodriguez Gonzalez, Alex"]
[Result "0-1"]
[WhiteElo "2015"]
[BlackElo "2039"]
[PlyCount "56"]
[EventDate "2009.01.10"]
[EventType "team"]
[EventRounds "9"]
[EventCountry "ESP"]
[Source "lmi"]
[SourceDate "2009.01.10"]

1. d4 g6 2. c4 Bg7 3. Nc3 c5 4. d5 d6 5. e4 a6 6. Be2 Nd7 7. Nf3 Ngf6 8. O-O
O-O 9. h3 Rb8 10. a4 Ne8 11. Bf4 f5 12. exf5 Rxf5 13. Qd2 Ne5 14. Bxe5 dxe5 15.
Ne4 b6 16. Qc2 Nd6 17. Nfd2 Rf4 18. g3 Rf8 19. Bg4 Nf5 20. Nb3 h5 21. Be2 e6
22. d6 Bb7 23. g4 Qh4 24. Kh2 Bh6 25. Ng3 hxg4 26. Bxg4 Bf4 27. Rg1 Kg7 28. a5
Qxg4 0-1

[Event "Liga Vasca 2009 - 1D"]
[Site "País Vasco ESP"]
[Date "2009.01.31"]
[Round "3.31"]
[White "Miguel Quintero, Francisco"]
[Black "Varas, Carlos"]
[Result "1/2-1/2"]
[WhiteElo "2274"]
[BlackElo "2245"]
[PlyCount "44"]
[EventDate "2009.01.10"]
[EventType "team"]
[EventRounds "9"]
[EventCountry "ESP"]
[Source "lmi"]
[SourceDate "2009.01.10"]

1. g3 Nf6 2. Bg2 d5 3. d3 e6 4. Nf3 Be7 5. O-O O-O 6. Nc3 b6 7. e4 Bb7 8. Nd2
c5 9. Re1 Nc6 10. exd5 exd5 11. Nf3 d4 12. Ne2 Bd6 13. Nf4 Qc7 14. Bd2 Rfe8 15.
a3 Rxe1+ 16. Qxe1 Re8 17. Qf1 h6 18. Re1 Rxe1 19. Nxe1 Ne5 20. Bxb7 Qxb7 21.
Qg2 Qxg2+ 22. Kxg2 g5 1/2-1/2

[Event "Liga Vasca 2009 - 1D"]
[Site "País Vasco ESP"]
[Date "2009.01.31"]
[Round "3.33"]
[White "Alcaide Luque, Aitor"]
[Black "Wu Martin, Eneko"]
[Result "1/2-1/2"]
[WhiteElo "2108"]
[BlackElo "2058"]
[PlyCount "77"]
[EventDate "2009.01.10"]
[EventType "team"]
[EventRounds "9"]
[EventCountry "ESP"]
[Source "lmi"]
[SourceDate "2009.01.10"]

1. Nf3 Nf6 2. c4 e6 3. g3 b6 4. Bg2 Bb7 5. d4 Be7 6. Nc3 O-O 7. d5 d6 8. Nd4 e5
9. Nf5 Re8 10. O-O Bf8 11. e4 Nbd7 12. Bd2 a5 13. Qc2 Nc5 14. f4 exf4 15. Rxf4
Ncd7 16. Raf1 g6 17. Nd4 Bg7 18. Nc6 Bxc6 19. dxc6 Ne5 20. Nd5 Nh5 21. R4f2 Rf8
22. Bc3 Rb8 23. Qe2 Qg5 24. Nxc7 Nxc6 25. Bxg7 Nxg7 26. Nd5 Ne8 27. b3 Ne7 28.
Bh3 Rb7 29. Be6 Nxd5 30. Bxd5 Re7 31. Qb2 Qe5 32. Qxe5 dxe5 33. Rf6 Nxf6 34.
Rxf6 Rb8 35. g4 Kg7 36. g5 h6 37. h4 hxg5 38. hxg5 Ra7 39. a4 1/2-1/2

[Event "Liga Vasca 2009 - 1D"]
[Site "País Vasco ESP"]
[Date "2009.01.31"]
[Round "3.51"]
[White "Zulaika Centeno, Ander"]
[Black "Sanz Perez, Eduardo"]
[Result "0-1"]
[WhiteElo "2052"]
[BlackElo "2177"]
[PlyCount "117"]
[EventDate "2009.01.10"]
[EventType "team"]
[EventRounds "9"]
[EventCountry "ESP"]
[Source "lmi"]
[SourceDate "2009.01.10"]

1. e4 e6 2. d4 d5 3. e5 c5 4. c3 Nc6 5. Be3 Bd7 6. Nf3 cxd4 7. cxd4 Nge7 8. Nc3
Nf5 9. Bd3 Nxe3 10. fxe3 Qb6 11. O-O Be7 12. a3 Rc8 13. Na4 Qc7 14. Rc1 f5 15.
exf6 Bxf6 16. Ng5 Ke7 17. Nf3 Qd6 18. Nc5 b6 19. Nxd7 Kxd7 20. Bb5 Rc7 21. Qa4
Rhc8 22. Rxc6 Rxc6 23. Rc1 a6 24. Qxa6 Kd8 25. Bxc6 Rxc6 26. Qa8+ Kc7 27. Rxc6+
Qxc6 28. Qxc6+ Kxc6 29. Kf2 Kb5 30. Nd2 Ka4 31. Ke2 b5 32. Kd3 Bg5 33. Nf3 Bh6
34. g4 g6 35. g5 Bf8 36. Kc2 Bd6 37. Ne5 Bc7 38. h4 b4 39. axb4 Kxb4 40. Nd3+
Kb5 41. Ne5 Ba5 42. Kd1 Bc7 43. Kc2 Bd6 44. b3 Bb4 45. Nd3 Bd6 46. Nf4 Bxf4 47.
exf4 Kb4 48. Kb2 Ka5 49. Ka3 Kb5 50. b4 Kc4 51. Ka4 Kxd4 52. b5 Kc5 53. Ka5 d4
54. b6 Kc6 55. Ka6 d3 56. b7 d2 57. b8=Q d1=Q 58. Qc8+ Kd5 59. Qd8+ 0-1

[Event "Liga Vasca 2009 - 1D"]
[Site "País Vasco ESP"]
[Date "2009.01.31"]
[Round "3.52"]
[White "Segovia Sanchez, Antonio"]
[Black "Ladron De Guevara, Francisco Javier"]
[Result "1/2-1/2"]
[WhiteElo "2013"]
[BlackElo "2084"]
[PlyCount "72"]
[EventDate "2009.01.10"]
[EventType "team"]
[EventRounds "9"]
[EventCountry "ESP"]
[Source "lmi"]
[SourceDate "2009.01.10"]

1. d4 d5 2. Nf3 Nf6 3. Bg5 Ne4 4. Bf4 c5 5. e3 Qb6 6. Qc1 Nc6 7. c3 Bf5 8. b3
f6 9. Nbd2 Rc8 10. Qb2 cxd4 11. Nxd4 Nxd4 12. Nxe4 e5 13. exd4 Bxe4 14. dxe5
Rxc3 15. exf6 Qxf6 16. Bb5+ Kf7 17. O-O Bxg2 18. Kxg2 Rg3+ 19. hxg3 Qxb2 20.
Rfe1 Bc5 21. Rf1 a6 22. Bd7 Rd8 23. Bg4 g6 24. Rac1 b6 25. Bf3 a5 26. Bg5 Rd7
27. Bg4 Ra7 28. Rce1 d4 29. Be6+ Kg7 30. Bc4 h6 31. Bf4 a4 32. Re2 Qa3 33. Bc1
Qb4 34. Bd2 Qa3 35. Bc1 Qb4 36. Bd2 Qa3 1/2-1/2

[Event "Liga Vasca 2009 - 1D"]
[Site "País Vasco ESP"]
[Date "2009.01.31"]
[Round "3.54"]
[White "Tung, Kai Ming"]
[Black "Lauroba Elizaran, Fermin"]
[Result "1/2-1/2"]
[WhiteElo "1936"]
[BlackElo "1932"]
[PlyCount "129"]
[EventDate "2009.01.10"]
[EventType "team"]
[EventRounds "9"]
[EventCountry "ESP"]
[Source "lmi"]
[SourceDate "2009.01.10"]

1. f4 d5 2. Nf3 c5 3. e3 Nf6 4. b3 e6 5. Bb2 Nc6 6. Bb5 Bd7 7. O-O Be7 8. Bxc6
Bxc6 9. Ne5 O-O 10. Nxc6 bxc6 11. d3 Nd7 12. Nd2 Bf6 13. Bxf6 Qxf6 14. Rf3 Qe7
15. Rh3 f5 16. Qh5 g6 17. Qd1 e5 18. Nf1 exf4 19. exf4 Rae8 20. Re3 Qd6 21. Qf3
d4 22. Rxe8 Rxe8 23. Nd2 Nb6 24. Rf1 Re3 25. Qd1 Qe7 26. a4 Re2 27. Nc4 Nxc4
28. bxc4 Qe3+ 29. Kh1 Rd2 30. Qb1 Qe2 31. Rg1 Rxc2 32. Qb8+ Kg7 33. Qc7+ Kh6
34. Qd8 Kg7 35. Qc7+ Kg8 36. Qd8+ Kf7 37. Qd7+ Qe7 38. Qxc6 Re2 39. Qd5+ Kg7
40. h3 Re1 41. Qf3 Qe3 42. Qxe3 Rxe3 43. Rd1 Kf6 44. Kg1 Re2 45. Rb1 Ra2 46.
Rb5 Rxa4 47. Rxc5 Ra3 48. Rc6+ Ke7 49. c5 a5 50. Ra6 a4 51. Kf2 Rxd3 52. Rxa4
Rd2+ 53. Kf3 Ke6 54. Rc4 Rd3+ 55. Ke2 Re3+ 56. Kd2 Kd5 57. Rc1 Re6 58. g4 Rc6
59. gxf5 gxf5 60. Re1 Rxc5 61. h4 Kc4 62. Rc1+ Kd5 63. Re1 Kc4 64. Rc1+ Kd5 65.
Re1 1/2-1/2

[Event "Liga Vasca 2009 - 1D"]
[Site "País Vasco ESP"]
[Date "2009.02.07"]
[Round "4.11"]
[White "Zulaika Centeno, Ander"]
[Black "Montoya Irigoyen, Iñigo"]
[Result "0-1"]
[WhiteElo "2052"]
[BlackElo "2065"]
[PlyCount "92"]
[EventDate "2009.01.10"]
[EventType "team"]
[EventRounds "9"]
[EventCountry "ESP"]
[Source "lmi"]
[SourceDate "2009.01.10"]

1. e4 c5 2. Nf3 e6 3. d4 cxd4 4. Nxd4 Nc6 5. Nc3 Qc7 6. Ndb5 Qb8 7. Be2 a6 8.
Nd4 Qc7 9. O-O Nf6 10. Be3 Bb4 11. Bd3 Nxd4 12. Bxd4 e5 13. Be3 Bxc3 14. bxc3
Qxc3 15. f4 d6 16. fxe5 dxe5 17. Bg5 Bg4 18. Qc1 Nd7 19. h3 Be6 20. Rf3 O-O 21.
Bd2 Qc6 22. Qe1 f6 23. Qe2 Rac8 24. g4 Nc5 25. Raf1 Qd7 26. Qf2 Rf7 27. Qg3
Nxd3 28. cxd3 Qd4+ 29. Kh1 Rc2 30. R1f2 Qa1+ 31. Kg2 Qxa2 32. Be3 Qb3 33. g5
Rxf2+ 34. Bxf2 Kh8 35. h4 Qb2 36. d4 Qe2 37. dxe5 Qxe4 38. exf6 gxf6 39. Qb8+
Kg7 40. Qd8 Bd5 41. gxf6+ Kh6 42. Be3+ Kh5 43. Qg8 Qxf3+ 44. Kg1 Qxe3+ 45. Kh2
Qf2+ 46. Kh3 Be6+ 0-1

[Event "Liga Vasca 2009 - 1D"]
[Site "País Vasco ESP"]
[Date "2009.02.07"]
[Round "4.12"]
[White "Aguinaga Ruiz, Jesus Luis"]
[Black "Ladron De Guevara, Francisco Javier"]
[Result "1/2-1/2"]
[WhiteElo "1998"]
[BlackElo "2084"]
[PlyCount "48"]
[EventDate "2009.01.10"]
[EventType "team"]
[EventRounds "9"]
[EventCountry "ESP"]
[Source "lmi"]
[SourceDate "2009.01.10"]

1. d4 d5 2. Nf3 Nf6 3. e3 c5 4. c3 e6 5. Bd3 Nc6 6. Nbd2 Qc7 7. O-O Bd6 8. Re1
O-O 9. e4 cxd4 10. cxd4 e5 11. exd5 Nxd4 12. h3 Bd7 13. Nxd4 exd4 14. Nf3 Rfe8
15. Nxd4 Qc5 16. Be3 Qxd5 17. Qb3 Rac8 18. Rac1 Qxb3 19. Nxb3 Bb4 20. Red1 a6
21. Nc5 Bc6 22. a3 Ba5 23. Bf4 Ra8 24. b4 Bd8 1/2-1/2

[Event "Liga Vasca 2009 - 1D"]
[Site "País Vasco ESP"]
[Date "2009.02.07"]
[Round "4.14"]
[White "Duran Fernandez, Emilio"]
[Black "Lauroba Elizaran, Fermin"]
[Result "0-1"]
[WhiteElo "1793"]
[BlackElo "1932"]
[PlyCount "70"]
[EventDate "2009.01.10"]
[EventType "team"]
[EventRounds "9"]
[EventCountry "ESP"]
[Source "lmi"]
[SourceDate "2009.01.10"]

1. c4 c5 2. Nc3 e6 3. Nf3 d5 4. e3 d4 5. Ne4 Nc6 6. a3 f5 7. Ng3 e5 8. d3 Nf6
9. Be2 Bd6 10. O-O e4 11. dxe4 fxe4 12. Ne1 d3 13. Nxd3 exd3 14. Bxd3 O-O 15.
f4 Ng4 16. h3 Nf6 17. e4 Qc7 18. e5 Nxe5 19. fxe5 Bxe5 20. Ne4 Bd7 21. Nxf6+
Bxf6 22. Be3 g6 23. Qc2 Rae8 24. Bh6 Bd4+ 25. Kh1 Bg7 26. Bxg7 Kxg7 27. Rxf8
Rxf8 28. Re1 Rf7 29. Qe2 Bc6 30. Qe5+ Qxe5 31. Rxe5 Rf2 32. Re2 Bxg2+ 33. Kg1
Rxe2 34. Bxe2 Bxh3 35. b4 b6 0-1

[Event "Liga Vasca 2009 - 1D"]
[Site "País Vasco ESP"]
[Date "2009.02.07"]
[Round "4.21"]
[White "Hernandez, Elvis"]
[Black "Martin Alvarez, Iñigo"]
[Result "1-0"]
[WhiteElo "2288"]
[BlackElo "2232"]
[PlyCount "91"]
[EventDate "2009.01.10"]
[EventType "team"]
[EventRounds "9"]
[EventCountry "ESP"]
[Source "lmi"]
[SourceDate "2009.01.10"]
[WhiteTeam "España"]
[WhiteTeamCountry "ESP"]

1. e4 c5 2. Nc3 e6 3. g3 g6 4. Bg2 Bg7 5. d3 Nc6 6. Be3 d6 7. Qd2 Rb8 8. Nge2
Nd4 9. Bxd4 cxd4 10. Nb5 Qb6 11. Qb4 Ke7 12. Qc4 Bd7 13. a4 a6 14. Na3 Qxb2 15.
O-O Rc8 16. Qxc8 Bxc8 17. Rfb1 Qxa1 18. Rxa1 Kd7 19. Rb1 Ne7 20. Nc4 Kc7 21.
Nb6 Rd8 22. f4 Bd7 23. Nxd7 Rxd7 24. Kf2 e5 25. Ke1 b6 26. Kd2 Kb7 27. Rf1 f6
28. Rb1 Ka7 29. c4 dxc3+ 30. Nxc3 Rc7 31. Ne2 Rc5 32. Bf3 Nc6 33. Nc3 Ne7 34.
Rb3 Nc6 35. Rb1 Nd4 36. Bd1 exf4 37. gxf4 Bh6 38. Nd5 Ne6 39. Ke3 f5 40. Bb3
Nc7 41. Nxc7 Rxc7 42. Be6 fxe4 43. Kxe4 Re7 44. f5 gxf5+ 45. Kxf5 Rg7 46. Ke4
1-0

[Event "Liga Vasca 2009 - 1D"]
[Site "País Vasco ESP"]
[Date "2009.02.07"]
[Round "4.22"]
[White "Galarza Cenzano, Iñigo"]
[Black "Lakunza Oyarbide, Juan Carlos"]
[Result "0-1"]
[WhiteElo "2036"]
[BlackElo "2122"]
[PlyCount "100"]
[EventDate "2009.01.10"]
[EventType "team"]
[EventRounds "9"]
[EventCountry "ESP"]
[Source "lmi"]
[SourceDate "2009.01.10"]
[WhiteTeamCountry "ESP"]

1. e4 e5 2. Nf3 Nc6 3. d4 exd4 4. Bc4 Nf6 5. e5 d5 6. Bb5 Ne4 7. Nxd4 Bc5 8.
Bxc6+ bxc6 9. Be3 Ba6 10. f3 Qh4+ 11. g3 Nxg3 12. Bf2 Bxd4 13. Bxg3 Qh3 14.
Qxd4 Qg2 15. Qf2 Qxh1+ 16. Kd2 d4 17. f4 O-O-O 18. a4 Rhe8 19. b4 Bc4 20. b5 c5
21. Qe1 Qxe1+ 22. Bxe1 Be6 23. Na3 c4 24. Bh4 Rd7 25. Rg1 g6 26. Bf2 Kb7 27. h4
c3+ 28. Kd3 Red8 29. a5 Bf5+ 30. Kc4 d3 31. cxd3 Rxd3 32. a6+ Kb8 33. Bc5 Be6+
34. Kb4 Rf3 35. h5 Rdd3 36. hxg6 Rxf4+ 37. Ka5 fxg6 38. Nc2 Bb3 39. Nb4 Rd1 40.
Rxd1 Bxd1 41. e6 Re4 42. e7 c2 43. Nc6+ Ka8 44. e8=Q+ Rxe8 45. Ba3 Re4 46. Nb4
h5 47. Bc1 h4 48. Nd5 Kb8 49. Nf6 Rd4 50. Be3 c1=B 0-1